Practical research methods for media and cultural studies : (Record no. 15839)
[ view plain ]
| 000 -LEADER | |
|---|---|
| fixed length control field | 00820nam a2200229 a 4500 |
| 001 - CONTROL NUMBER | |
| control field | ASIN0748621857 |
| 005 - DATE AND TIME OF LATEST TRANSACTION | |
| control field | 20170105102926.0 |
| 008 - FIXED-LENGTH DATA ELEMENTS--GENERAL INFORMATION | |
| fixed length control field | 131212s2006 xxu eng d |
| 020 ## - INTERNATIONAL STANDARD BOOK NUMBER | |
| International Standard Book Number | 0748621857 (paperback) |
| 020 ## - INTERNATIONAL STANDARD BOOK NUMBER | |
| International Standard Book Number | 9780748621859 (paperback) |
| 040 ## - CATALOGING SOURCE | |
| Original cataloging agency | 0 |
| 050 04 - LIBRARY OF CONGRESS CALL NUMBER | |
| Classification number | H62 |
| 082 04 - DEWEY DECIMAL CLASSIFICATION NUMBER | |
| Classification number | 001.3072 |
| Author Mark | DAV 2006 |
| 100 1# - MAIN ENTRY--PERSONAL NAME | |
| Personal name | Davies, Maire Messenger; Mosdell, Nick. |
| 245 10 - TITLE STATEMENT | |
| Title | Practical research methods for media and cultural studies : |
| Remainder of title | making people count / |
| Statement of responsibility, etc. | Maire Messenger; Mosdell, Nick Davies. |
| 260 ## - PUBLICATION, DISTRIBUTION, ETC. | |
| Place of publication, distribution, etc. | [S.l.] : |
| Name of publisher, distributor, etc. | Edinburgh University Press, |
| Date of publication, distribution, etc. | 2006. |
| 300 0p - PHYSICAL DESCRIPTION | |
| Extent | 20; |
| Dimensions | 22 cm. |
| 650 #0 - SUBJECT ADDED ENTRY--TOPICAL TERM | |
| Topical term or geographic name entry element | Humanities--Research--Methodology |
| 650 #0 - SUBJECT ADDED ENTRY--TOPICAL TERM | |
| Topical term or geographic name entry element | Mass media--Research--Methodology |
| 856 40 - ELECTRONIC LOCATION AND ACCESS | |
| Materials specified | Amazon.com |
| Uniform Resource Identifier | <a href="http://www.amazon.com/exec/obidos/ASIN/0748621857/chopaconline-20">http://www.amazon.com/exec/obidos/ASIN/0748621857/chopaconline-20</a> |
| 942 ## - ADDED ENTRY ELEMENTS (KOHA) | |
| Source of classification or shelving scheme | |
| Koha item type | Book |
| Withdrawn status | Lost status | Damaged status | Not for loan | Collection code | Permanent Location | Current Location | Shelving location | Date acquired | Total Checkouts | Full call number | Barcode | Date last seen | Date last checked out | Price effective from | Koha item type |
|---|---|---|---|---|---|---|---|---|---|---|---|---|---|---|---|
| Centre for International Peace & Stability (CIPS) | Centre for International Peace & Stability (CIPS) | General Stacks | 1 | 001.3072 DAV 2006 | CIPS0002423 | 05/21/2015 | 01/15/2015 | 12/12/2013 | Book |
